000 00726nam a2200289Ia 4500
005 20260324144935.0
008 008 260324s9999 xx 000 0 eng d
020 _a9780203781449
037 _aEBOOK
040 _aCRL
040 _beng
040 _cCRL
041 _2eng
041 _aeng
084 _qCRL
100 _aW. H. Warren, Jr.; R. E. Shaw
_91221168
245 0 _aPersistence and Change
245 0 _bProceedings of the First International Conference on Event Perception
260 _bTaylor and Francis
260 _c1985
365 _a
365 _b230
856 _uhttp://www.taylorfrancis.com/books/9780203781449
942 _cEBOOK
999 _c1828418
_d1828418